000 00404nam a22001217a 4500
008 110523t xxu||||| |||| 00| 0 eng d
082 _222
_a384.042
245 _aEast African Court of Appeal Law Reports 1938 Vol.5 /
260 _aNaew York:
_bOceana,
_c1967.
300 _av
_c24cm.
942 _2ddc
_cLRT
999 _c2171
_d2171